Trouve a qui appartiennent ces records du football INSTA : manu._.adr - Statistiques

Statistiques générales
  • Ce quiz a été pris 996 fois
    520 depuis la dernière actualisation
  • Le résultat moyen est 12 sur 24
Statistiques - réponses
Records Recordmen % Correct
Le record de buts marqués en une année civile Messi
93%
Le joueur le plus cher de l'histoire du football Neymar
86%
Le meilleur buteur de l'histoire Ronaldo
75%
Le pays avec le plus de participation en CDM Brésil
73%
Le club avec le plus de victoire en LDC Real madrid
72%
Les joueurs ayant marqué a chaque minute Ibrahimovic/Ronaldo
71%
Le seul gardien ayant remporté un ballon d'or Yashin
70%
Le meilleur buteur de l'équipe de France Giroud
68%
Le seul club francais a avoir gagné la LDC OM
68%
Le meilleur buteur en une année en bundesLiga Lewandowski
67%
Le meilleur buteur africain Eto'o
66%
Le plus jeune vainqueur en coupe du monde Pelé
66%
Le pays ayant la plus grande série d'invincibilité Italie
55%
Le plus grand nombre de coup francs inscrits Juninho
48%
Le joueur le plus rapide pour atteindre 20 buts en LDC Haaland
46%
Le seul entraineur a avoir gagné les trois championnats européen Mourinho
46%
Joueur ayant inscrit le plus grand nombre de buts en Coupe du monde Klose
44%
Le triplet le plus rapide Mané
40%
Le plus jeune footballeur ayant marqué en LDC Yamal
36%
Le joueur ayant remporté le plus de ligue des Champions Gento
18%
Le plus vieux joueur de football p Miura
11%
Le match ayant rassemblé le plus de supporters de tous les temps Brésil-Uruguay
9%
Le but le plus lointain de l'histoire Begovic
4%
Le joueur avec la frappe la plus puissante Heberson
0%
Aucun quiz correspondant
Distribution des résultats
% des personnes avec chaque résultat
Percentile par nombre de réponses
Votre historique - résultats
Vous n’avez pas pris ce quiz depuis la dernière actualisation